000 005420000a22001930004500
020 _a84-7228-404-2
041 0 _aSPA
082 0 4 _aG 266.023 M3651c
100 1 _aMarsh, Charles R.
245 1 0 _aComparte tu fe con los musulmanes / Charles R. Marsh
260 _aTerrassa, Barcelona, España : CLIE
300 _a130 Pag
500 _aTitulo original : Share your faith with a muslim
001 6330
942 _cBK
999 _c36603
_d36603
336 _atexto
_btxt
_2rdacontent
337 _2rdamedia
_asin mediación
_bn
338 _2rdacarrier
_avolumen
_bnc